Fundamentals of Fortran 77 Programming: A structured approach
| Main Author: | |
|---|---|
| Format: | Section = Libro |
| Language: | Undetermined Spanish |
| Published: |
United States
Little Brown and Company
1985
|
| Edition: | 3a. ed |
| Subjects: |
| LEADER | 00686nam a2200229Ia 4500 | ||
|---|---|---|---|
| 008 | 240830s9999 xx 000 0 und d | ||
| 020 | |a 0-316-60653-7 | ||
| 040 | |a CEDOC FIQ-RUSB / 511 N632 | ||
| 041 | |a spa | ||
| 082 | |a 511 N632 | ||
| 100 | 1 | |a Nickerson, Robert C | |
| 245 | 1 | 0 | |a Fundamentals of Fortran 77 Programming: A structured approach |
| 250 | |a 3a. ed | ||
| 260 | |a United States |b Little Brown and Company |c 1985 | ||
| 300 | |a 537 p.: il. | ||
| 650 | 7 | |a ANÁLISIS NÚMERICO | |
| 650 | 7 | |b INTRODUCCIÓN A LA PROGRAMACIÓN FORTRAN | |
| 650 | 7 | |c PROGRAMACIÓN DE ENTRADA Y SALIDA | |
| 650 | 7 | |d PROGRAMACIÓN ARITMÉTICA | |
| 942 | |c BK |2 ddc | ||
| 991 | |a TEXTO | ||
| 999 | |c 13139 | ||